| 000 -ლიდერი |
| ფიქსირებული სიგრძის საკონტროლო ველი |
01388nam a2200241Ia 4500 |
| 001 - საკონტროლო ნომერი |
| საკონტროლო ველი |
3655 |
| 003 - საკონტროლო ნომრის იდენტიფიკატორი |
| საკონტროლო ველი |
GE_BSU |
| 005 - ბოლო ოპერაციის თარიღი და დრო |
| საკონტროლო ველი |
20190625214924.0 |
| 008 - ფიქსირებული სიგრძის მონაცემთა ელემენტები - ზოგადი ინფორმაცია |
| ფიქსირებული სიგრძის საკონტროლო ველი |
181216s2008||||ge |||||||||||||| ||geo|| |
| 040 ## - კატალოგიზაციის წყარო |
| Transcribing agency |
GE_BSU |
| 041 ## - ენის კოდი |
| Language code of text/sound track or separate title |
geo |
| 080 ## - უნივერსალური ათობითი კლასიფიკაციის ინდექსი |
| Universal Decimal Classification number |
327.7 ბ–96 |
| 100 ## - მთავარი ჩანაწერი - პიროვნების სახელი |
| Personal name |
ბურკაძე, ხათუნა |
| 9 (RLIN) |
2944 |
| 245 ## - ცნობა სათაურის შესახებ |
| Title |
ეს ნატოა / |
| Remainder of title |
|
| Statement of responsibility, etc |
ხათუნა ბურკაძე, ანატოლი კორეპანოვი ; წიგნზე მუშაობდნენ: ნანუკა ჟორჟოლიანი და სხვ. ; წინასიტყვ. ჯეიმს აპატურაი ; საინფორმ. ცენტრი ნატოს შესახებ. |
| 264 ## - წარმოების, გამოცემის, დისტრიბუციის და სხვა ცნობები |
| გამოცემის, წარმოების, დისტრიბუციის... ადგილი |
თბილისი : |
| გამოცემის, წარმოების, დისტრიბუციის... თარიღი |
2008. |
| 300 ## - ფიზიკური აღწერა |
| Extent |
99 გვ. ; |
| Other physical details |
ილ. |
| Dimensions |
27 სმ. |
| 653 ## - INDEX TERM--UNCONTROLLED |
| Uncontrolled term |
ნატო - ჩრდილოატლანტიკური ალიანსი |
| 653 ## - INDEX TERM--UNCONTROLLED |
| Uncontrolled term |
საქართველოსა და ნატოს ურთიერთობა |
| 700 ## - ADDED ENTRY--PERSONAL NAME |
| Personal name |
კორეპანოვი, ანატოლი |
| Relator term |
ავტორი |
| 9 (RLIN) |
2945 |
| 700 ## - ADDED ENTRY--PERSONAL NAME |
| Personal name |
აპატურაი, ჯეიმს და სხვ. |
| Relator term |
წინასიტყვაობა |
| 9 (RLIN) |
2946 |
| 710 ## - ADDED ENTRY--CORPORATE NAME |
| Corporate name or jurisdiction name as entry element |
საინფორმ. ცენტრი ნატოს შესახებ |
| 9 (RLIN) |
2947 |
| 942 ## - ADDED ENTRY ELEMENTS (KOHA) |
| Koha item type |
წიგნი |
| Source of classification or shelving scheme |
|